Inclusion Strategies That Work!: Research-Based Methods for the Classroom (Record no. 813)
[ view plain ]
| 005 - DATE AND TIME OF LATEST TRANSACTION | |
|---|---|
| control field | 20250317142435.0 |
| 020 ## - INTERNATIONAL STANDARD BOOK NUMBER | |
| International Standard Book Number | 978-1-4833-1990-2 |
| 082 ## - DEWEY DECIMAL CLASSIFICATION NUMBER | |
| Classification number | 371. 904 KAR |
| 100 ## - MAIN ENTRY--PERSONAL NAME | |
| Author name | KARTEN, T. J. |
| 245 ## - TITLE STATEMENT | |
| Title | Inclusion Strategies That Work!: Research-Based Methods for the Classroom |
| 250 ## - EDITION STATEMENT | |
| Edition statement | 3rd Ed. |
| 260 ## - PUBLICATION, DISTRIBUTION, ETC. | |
| Place of publication, distribution, etc. | London, |
| Name of publisher, distributor, etc. | Corwin, |
| Date of publication, distribution, etc. | 2015. |
| 300 ## - PHYSICAL DESCRIPTION | |
| Extent | xix, 426p.: ill.; figure, picture, table. |
| Other physical details | References. |
| Dimensions | 29cm. |
| 856 ## - ELECTRONIC LOCATION AND ACCESS | |
| Link text | Access online book |
| Electronic name | Research |
| Path | www.corwin.com/inclusionstrategies |
| 942 ## - ADDED ENTRY ELEMENTS (KOHA) | |
| Source of classification or shelving scheme | Dewey Decimal Classification |
| Koha item type | Books |
| Date last seen | Total checkouts | Full call number | Barcode | Cost, replacement price | Price effective from | Koha item type | Lost status | Source of classification or shelving scheme | Damaged status | Not for loan | Withdrawn status | Home library | Current library | Shelving location | Date acquired | Cost, normal purchase price |
|---|---|---|---|---|---|---|---|---|---|---|---|---|---|---|---|---|
| 03/17/2025 | 371. 904 KAR | 0000003230 | 372279.00 | 03/17/2025 | Books | Dewey Decimal Classification | College of Business Education Main Library | College of Business Education Main Library | General Collection | 03/17/2025 | 124093.00 | |||||
| 03/17/2025 | 371. 904 KAR | 0000003231 | 372279.00 | 03/17/2025 | Books | Dewey Decimal Classification | College of Business Education Main Library | College of Business Education Main Library | General Collection | 03/17/2025 | 124093.00 | |||||
| 03/17/2025 | 371. 904 KAR | 0000003232 | 372279.00 | 03/17/2025 | Books | Dewey Decimal Classification | College of Business Education Main Library | College of Business Education Main Library | General Collection | 03/17/2025 | 124093.00 | |||||
| 05/19/2025 | LECT 371.904 KAR | 0000009114 | 372279.00 | 05/19/2025 | Books | Dewey Decimal Classification | College of Business Education Main Library | College of Business Education Main Library | General Collection | 05/19/2025 | 124093.00 | |||||
| 05/19/2025 | LECT 371.904 KAR | 0000009115 | 372279.00 | 05/19/2025 | Books | Dewey Decimal Classification | College of Business Education Main Library | College of Business Education Main Library | General Collection | 05/19/2025 | 124093.00 |
